000
00288nam a2200133Ia 4500
008
200103s9999||||xx |||||||||||||| ||und||
040
_a
IMU-MPC
082
_a
Column-5
100
_a
IMO
245
0
_a
FTP Code
260
_b
Bhandarkar Publications
_c
1999
300
_a
v, 166
942
_c
BK
999
_c
3317
_d
3317